Anales: X Congreso Chileno de Buiatría

Saved in:
Bibliografiske detaljer
Institution som forfatter: Sociedad Chilena de Buiatría A. G (Author)
Format: Bog
Sprog:spansk
Udgivet: Santiago Sociedad Chilena de Buiatría A. G 2011
Fag:
Tags: Tilføj Tag
Ingen Tags, Vær først til at tagge denne postø!

MARC

LEADER 00000cam a2200000 a 4500
001 UCF1622
003 CL-VaPUC
005 20241115125352.0
008 120711e20110000cl 1 spa d
020 |a 9789563457438 
082 0 4 |a 636  |b SOC  |2 21 
110 2 |a Sociedad Chilena de Buiatría A. G  |e author  |9 621900 
245 1 0 |a Anales: X Congreso Chileno de Buiatría 
260 |a Santiago  |b Sociedad Chilena de Buiatría A. G  |c 2011 
300 |a 187 p 
583 |a last modification  |c 20190910 10:43:03  |k Rodrigo Vera 
650 0 7 |a GANADO  |2 CL-VaPUC  |9 621901 
650 0 7 |a BOVINOS  |2 CL-VaPUC  |9 621902 
650 0 0 |a Nutrición animal  |9 389503 
942 |c BK 
945 |a dcastane  |d 20120711 00:00:00 
546 |a En Español 
536 |a Sociedad Chilena de Buiatría A. G 
518 |p Congreso Chileno de Buiatría, 10, Osorno-Chile, 24 al 26 de noviembre de 2011 
999 |c 384686  |d 384684